|
|
|
|
| LEADER |
00000nas a22000007i 4500 |
| 001 |
ssj0001219442 |
| 003 |
WaSeSS |
| 005 |
20200512172242.0 |
| 006 |
m d |
| 007 |
cr n |
| 008 |
151007c20049999msufr p s 0 a0eng |
| 010 |
|
|
|a 2015202787
|
| 022 |
|
|
|y 2381-313X
|
| 035 |
|
|
|a (WaSeSS)ssj0001219442
|
| 037 |
|
|
|b Academy of Business Research, 22 Greenbriar Dr. Gulfport, MS 39507
|
| 040 |
|
|
|a DLC
|b eng
|c DLC
|d IUL
|d WaSeSS
|
| 042 |
|
|
|a nsdp
|a msc
|
| 082 |
1 |
0 |
|a 658
|2 23
|
| 210 |
0 |
|
|a Acad. bus. j.
|
| 222 |
|
0 |
|a Academy of business journal
|
| 245 |
0 |
0 |
|a Academy of business journal
|h [electronic resource].
|
| 246 |
1 |
|
|a ABJ
|
| 260 |
|
|
|a [Gulfport, MS] :
|b Academy of Business Research
|
| 310 |
|
|
|a Semiannual
|
| 362 |
1 |
|
|a Began with: Volume 1 (2004)
|
| 506 |
|
|
|a License restrictions may limit access.
|
| 588 |
|
|
|a Volume numbers restart with each year.
|
| 588 |
|
|
|a Description based on surrogate of: Volume 1 (2014); title from title page.
|
| 588 |
|
|
|a Latest issue consulted: Volume 1 (2014) (surrogate).
|
| 655 |
|
0 |
|a Electronic journals.
|
| 710 |
2 |
|
|a Academy of Business Research.
|
| 856 |
4 |
0 |
|z Full text available from Research Library: 01/01/2016 to 01/31/2017
|u https://search.proquest.com/publication/2044545
|